<?xml version="1.0" encoding="UTF-8"?>
<record
    xmlns:xsi="http://www.w3.org/2001/XMLSchema-instance"
    xsi:schemaLocation="http://www.loc.gov/MARC21/slim http://www.loc.gov/standards/marcxml/schema/MARC21slim.xsd"
    xmlns="http://www.loc.gov/MARC21/slim">

  <leader>00604nam a2200193Ia 4500</leader>
  <controlfield tag="003">OSt</controlfield>
  <controlfield tag="005">20201111143102.0</controlfield>
  <controlfield tag="008">190216s9999||||xx |||||||||||||| ||und||</controlfield>
  <datafield tag="020" ind1=" " ind2=" ">
    <subfield code="a">9789381269558</subfield>
  </datafield>
  <datafield tag="040" ind1=" " ind2=" ">
    <subfield code="c">oclc</subfield>
  </datafield>
  <datafield tag="082" ind1=" " ind2=" ">
    <subfield code="a">530.15</subfield>
    <subfield code="b">ARF/M</subfield>
  </datafield>
  <datafield tag="100" ind1=" " ind2=" ">
    <subfield code="a">Arfken, George B</subfield>
    <subfield code="9">4319</subfield>
  </datafield>
  <datafield tag="245" ind1=" " ind2="0">
    <subfield code="a">Mathematical Methods For Physicists /</subfield>
    <subfield code="c">George B Arfken ; Hans J Weber ; Frank E Harris</subfield>
  </datafield>
  <datafield tag="250" ind1=" " ind2=" ">
    <subfield code="a">7th Ed.</subfield>
  </datafield>
  <datafield tag="260" ind1=" " ind2=" ">
    <subfield code="b">Elsevier Science Publishing,</subfield>
    <subfield code="c">2012.</subfield>
    <subfield code="a">New Delhi:</subfield>
  </datafield>
  <datafield tag="300" ind1=" " ind2=" ">
    <subfield code="a">1205p</subfield>
  </datafield>
  <datafield tag="650" ind1=" " ind2=" ">
    <subfield code="a">Mathematical Physics</subfield>
  </datafield>
  <datafield tag="942" ind1=" " ind2=" ">
    <subfield code="c">BK</subfield>
    <subfield code="2">ddc</subfield>
    <subfield code="h">530.15</subfield>
    <subfield code="i">ARF/M</subfield>
    <subfield code="k">530.15</subfield>
    <subfield code="m">ARF/M</subfield>
  </datafield>
  <datafield tag="952" ind1=" " ind2=" ">
    <subfield code="0">0</subfield>
    <subfield code="1">0</subfield>
    <subfield code="2">ddc</subfield>
    <subfield code="4">0</subfield>
    <subfield code="7">0</subfield>
    <subfield code="8">PHYSICS</subfield>
    <subfield code="a">MES</subfield>
    <subfield code="b">MES</subfield>
    <subfield code="c">PHY</subfield>
    <subfield code="d">2019-02-20</subfield>
    <subfield code="g">650.00</subfield>
    <subfield code="l">18</subfield>
    <subfield code="m">28</subfield>
    <subfield code="o">530.15 ARF/M</subfield>
    <subfield code="p">37113</subfield>
    <subfield code="r">2025-08-16 12:46:52</subfield>
    <subfield code="s">2025-07-07</subfield>
    <subfield code="t">3</subfield>
    <subfield code="w">2019-02-20</subfield>
    <subfield code="y">BK</subfield>
    <subfield code="z">GL11R5</subfield>
  </datafield>
  <datafield tag="952" ind1=" " ind2=" ">
    <subfield code="0">0</subfield>
    <subfield code="1">0</subfield>
    <subfield code="2">ddc</subfield>
    <subfield code="4">0</subfield>
    <subfield code="7">0</subfield>
    <subfield code="8">PHYSICS</subfield>
    <subfield code="a">MES</subfield>
    <subfield code="b">MES</subfield>
    <subfield code="c">PHY</subfield>
    <subfield code="d">2019-02-20</subfield>
    <subfield code="g">650.00</subfield>
    <subfield code="l">19</subfield>
    <subfield code="m">37</subfield>
    <subfield code="o">530.15 ARF/M</subfield>
    <subfield code="p">37565</subfield>
    <subfield code="r">2025-11-28 13:12:49</subfield>
    <subfield code="s">2025-11-03</subfield>
    <subfield code="t">2</subfield>
    <subfield code="w">2019-02-20</subfield>
    <subfield code="y">BK</subfield>
    <subfield code="z">GL11R5</subfield>
  </datafield>
  <datafield tag="952" ind1=" " ind2=" ">
    <subfield code="0">0</subfield>
    <subfield code="1">0</subfield>
    <subfield code="2">ddc</subfield>
    <subfield code="4">0</subfield>
    <subfield code="7">0</subfield>
    <subfield code="8">PHYSICS</subfield>
    <subfield code="a">MES</subfield>
    <subfield code="b">MES</subfield>
    <subfield code="c">PHY</subfield>
    <subfield code="d">2019-02-20</subfield>
    <subfield code="g">650.00</subfield>
    <subfield code="l">15</subfield>
    <subfield code="m">20</subfield>
    <subfield code="o">530.15 ARF/M</subfield>
    <subfield code="p">38278</subfield>
    <subfield code="r">2025-08-26 12:56:54</subfield>
    <subfield code="s">2025-06-03</subfield>
    <subfield code="t">1</subfield>
    <subfield code="w">2019-02-20</subfield>
    <subfield code="y">BK</subfield>
    <subfield code="z">GL11R5</subfield>
  </datafield>
  <datafield tag="999" ind1=" " ind2=" ">
    <subfield code="c">34611</subfield>
    <subfield code="d">34611</subfield>
  </datafield>
</record>
